The political economy of nationalism
This book challenges the orthodoxies of economics, in particular `development economics' and aid policies. It argues that Marxist and conventional `Western' economics, which are basically similar, underestimate both the strength and justification of nationalism.
Đã lưu trong:
| Hovedforfatter: | |
|---|---|
| Format: | Bog |
| Sprog: | Undetermined |
| Udgivet: |
London
Oxford University Press
1983
|
| Fag: | |
| Tags: |
Tilføj Tag
Ingen Tags, Vær først til at tagge denne postø!
|
| Thư viện lưu trữ: | Trung tâm Học liệu Trường Đại học Cần Thơ |
|---|
| LEADER | 00793nam a2200193Ia 4500 | ||
|---|---|---|---|
| 001 | CTU_224193 | ||
| 008 | 210402s9999 xx 000 0 und d | ||
| 082 | |a 338.9 | ||
| 082 | |b S453 | ||
| 100 | |a Seers, Dudley | ||
| 245 | 4 | |a The political economy of nationalism | |
| 245 | 0 | |c Dudley Seers | |
| 260 | |a London | ||
| 260 | |b Oxford University Press | ||
| 260 | |c 1983 | ||
| 520 | |a This book challenges the orthodoxies of economics, in particular `development economics' and aid policies. It argues that Marxist and conventional `Western' economics, which are basically similar, underestimate both the strength and justification of nationalism. | ||
| 650 | |a Phát triển kinh tế,Economic development | ||
| 910 | |b vtbtruc | ||
| 980 | |a Trung tâm Học liệu Trường Đại học Cần Thơ | ||